Quiver: (Record no. 171579)

MARC details
000 -LEADER
fixed length control field 00799nam a22002537a 4500
005 - DATE AND TIME OF LATEST TRANSACTION
control field 20200115152043.0
008 - FIXED-LENGTH DATA ELEMENTS--GENERAL INFORMATION
fixed length control field 200115b ||||| |||| 00| 0 eng d
010 ## - LCCN (DPL NO)
LC control number B-115450
020 ## - INTERNATIONAL STANDARD BOOK NUMBER
International Standard Book Number 8172235127
Terms of availability 295.00
020 ## - INTERNATIONAL STANDARD BOOK NUMBER
International Standard Book Number 9781722351274
Terms of availability 295.00
035 ## - SYSTEM CONTROL NUMBER
System control number B-115450
040 ## - CATALOGING SOURCE
Original cataloging agency dpl
Language of cataloging en
050 ## - LIBRARY OF CONGRESS CALL NUMBER
DPL Classification number 881
082 ## - DEWEY DECIMAL CLASSIFICATION NUMBER
Classification number 881
100 ## - MAIN ENTRY--PERSONAL NAME
Personal name Javed Akhtar
245 ## - TITLE STATEMENT
Title Quiver:
Remainder of title poems and ghazals/
Statement of responsibility, etc by Javed Akhtar; translated from the Urdu by David Matthews
250 ## - EDITION STATEMENT
Edition statement 4th imp.
260 ## - PUBLICATION, DISTRIBUTION, ETC. (IMPRINT)
Place of publication, distribution, etc New Delhi
Name of publisher, distributor, etc HarperCollins Publishers
Date of publication, distribution, etc 2005
270 ## - ADDRESS
Address 1A Hamilton House, Connaught Place,
City New Delhi
Postal code 110001
300 ## - PHYSICAL DESCRIPTION
Extent 251p
Dimensions 22cm(pbk)
700 ## - ADDED ENTRY--PERSONAL NAME
Personal name Matthew, David
942 ## - ADDED ENTRY ELEMENTS (KOHA)
Source of classification or shelving scheme Dewey Decimal Classification
Item type English Books
Classification part 881
Call number suffix JAV
Holdings
Withdrawn status Lost status Source of classification or shelving scheme Damaged status Not for loan Collection code Home library Current library Date acquired Source of acquisition Cost, normal purchase price Total Checkouts Total Renewals Full call number Barcode Date last seen Copy number Cost, replacement price Koha item type
    Dewey Decimal Classification     Non-fiction R.K.Puram-8 R.K.Puram-8 15/01/2020 BPPD/Purchase 295.00 3 3 881 JAV B-115450 02/09/2023 1 295.00 English Books

© Delhi Public Library
Hit Counter
free hit counter